000 00455nam a2200157 i 4500
001 94276
003 ES-MaACL
005 20230906181436.0
007 t|
008 050427s1963 pr |||| | spa d
100 1 _aLópez Suria, Violeta.
_973991
245 1 0 _aResurrección de Eurídice
_b: poemas /
_cVioleta López Suria.
260 _aSan Juan, Puerto Rico :
_bJuan Ponce de León,
_c1963.
300 _a71 p. ;
_c24 cm.
852 _aES-MaACL
_jC-23647
999 _c94276
_d94276